[Event "CZE-chT2B 1920"]
[Site "Czech Republic"]
[Date "2020.06.28"]
[Round "11.8"]
[White "Pospech, Radim"]
[Black "Hoke, Petr"]
[Result "1/2-1/2"]
[WhiteElo "1983"]
[BlackElo "1992"]
[PlyCount "81"]
[EventDate "2019.10.13"]
[EventType "team-tourn"]
[EventRounds "11"]
[EventCountry "CZE"]
[SourceTitle "EXT 2024"]
[Source "ChessBase"]
[SourceDate "2023.10.10"]
[SourceVersion "1"]
[SourceVersionDate "2023.10.10"]
[SourceQuality "1"]
[WhiteTeam "Praha Dukla"]
[BlackTeam "Litomerice"]
[WhiteTeamCountry "CZE"]
[BlackTeamCountry "CZE"]

1. d4 g6 2. c4 Bg7 3. Nc3 d6 4. e4 Nd7 5. Bg5 h6 6. Be3 Ngf6 7. f3 c5 8. d5 Ne5 9. Qd2 Qb6 10. Be2 Bd7 11. Rc1 a6 12. g4 Qb4 13. b3 b5 14. Nb1 Qxd2+ 15. Nxd2 bxc4 16. Nxc4 Nxc4 17. Bxc4 Bb5 18. Ne2 Nd7 19. 0-0 0-0 20. h3 Rfb8 21. f4 Nb6 22. f5 Bxc4 23. bxc4 Na4 24. fxg6 fxg6 25. Nf4 g5 26. Ne6 Bf6 27. h4 Nc3 28. Rxf6 exf6 29. Rxc3 Rb1+ 30. Kg2 Rb2+ 31. Kh3 Rxa2 32. hxg5 hxg5 33. e5 fxe5 34. Bxg5 Rb2 35. Rf3 a5 36. Rf6 Rb7 37. Bd2 a4 38. Rg6+ Kh7 39. Rh6+ Kg8 40. Rg6+ Kh8 41. Bg5 1/2-1/2

[Event "CZE-chT2A 1617"]
[Site "Czech Republic"]
[Date "2016.10.09"]
[Round "1.7"]
[White "Pospech, Radim"]
[Black "Liska, Karel"]
[Result "1/2-1/2"]
[WhiteElo "2074"]
[BlackElo "2053"]
[PlyCount "113"]
[EventDate "2016.10.09"]
[EventType "team-tourn"]
[EventRounds "11"]
[EventCountry "CZE"]
[SourceTitle "EXT 2022"]
[Source "ChessBase"]
[SourceDate "2021.10.06"]
[SourceVersion "1"]
[SourceVersionDate "2021.10.06"]
[SourceQuality "1"]
[WhiteTeam "Praha Dukla"]
[BlackTeam "Plzen Kosutka"]
[WhiteTeamCountry "CZE"]
[BlackTeamCountry "CZE"]

1. d4 Nf6 2. c4 g6 3. Nc3 Bg7 4. e4 d6 5. f3 0-0 6. Be3 e5 7. d5 Nbd7 8. Bd3 Nc5 9. Bc2 a5 10. Nge2 Ne8 11. Qd2 f5 12. exf5 Bxf5 13. 0-0 Bxc2 14. Qxc2 Nf6 15. Ng3 b6 16. Rae1 Qd7 17. b3 Rfe8 18. a3 Nb7 19. Bg5 Nd8 20. Rd1 Nf7 21. Bc1 Rf8 22. Rfe1 Rae8 23. b4 axb4 24. axb4 Ra8 25. Nce4 Qa4 26. Qc3 Nd7 27. Bb2 Qa7 28. Kh1 Qb8 29. Bc1 Qd8 30. Be3 Bh6 31. Qd2 Bxe3 32. Qxe3 Ra4 33. Rb1 Qe7 34. Nc3 Raa8 35. Nb5 Rac8 36. Nd4 Nd8 37. Nb3 Qh4 38. Ne4 Qf4 39. c5 Qxe3 40. Rxe3 bxc5 41. bxc5 Nf7 42. Rc1 dxc5 43. Nbxc5 Nb6 44. Ra3 Nd6 45. Kg1 h6 46. Ne6 Rf7 47. Rc6 Nxe4 48. fxe4 Ra8 49. Rac3 Ra4 50. Rf3 Rxe4 51. Nxc7 Nc4 52. Rxg6+ Rg7 53. Rf8+ Kxf8 54. Ne6+ Ke7 55. Nxg7 Kf7 56. Rg3 Nd6 57. Ne6 1/2-1/2

[Event "CZE-chT2C 1314"]
[Site "Czech Republic"]
[Date "2014.01.19"]
[Round "6.6"]
[White "Pospech, Radim"]
[Black "Vincze, Roman"]
[Result "1/2-1/2"]
[WhiteElo "2030"]
[BlackElo "2131"]
[PlyCount "97"]
[EventDate "2013.11.03"]
[EventType "team-tourn"]
[EventRounds "11"]
[EventCountry "CZE"]
[SourceTitle "EXT 2015"]
[Source "ChessBase"]
[SourceDate "2014.11.20"]
[SourceVersion "1"]
[SourceVersionDate "2014.11.20"]
[SourceQuality "1"]
[WhiteTeam "Praha Dukla"]
[BlackTeam "Jihlava Gordic"]
[WhiteTeamCountry "CZE"]
[BlackTeamCountry "CZE"]

1. d4 d5 2. Nf3 c6 3. c4 Nf6 4. Nc3 dxc4 5. a4 Bf5 6. e3 e6 7. Bxc4 Nbd7 8. 0-0 Be7 9. Qe2 Ne4 10. Nd2 Ndf6 11. Ndxe4 Nxe4 12. f3 Nf6 13. Rd1 0-0 14. e4 Bg6 15. Be3 Qa5 16. Bf2 Rfe8 17. Be1 Bb4 18. e5 Nd5 19. Ne4 Bxe4 20. Qxe4 Bxe1 21. Rxe1 Rad8 22. h4 Qd2 23. Rad1 Qh6 24. Kf2 Qg6 25. Qxg6 hxg6 26. Bxd5 Rxd5 27. Rd2 Red8 28. Red1 Kf8 29. Ke3 Ke7 30. f4 Kd7 31. Rc1 Kc7 32. Rc5 Kb6 33. Rxd5 Rxd5 34. Rc2 a5 35. g4 c5 36. dxc5+ Rxc5 37. Rd2 Kc7 38. Rd3 b5 39. axb5 Rxb5 40. b3 Rb4 41. Rc3+ Kd7 42. Kf3 Rb7 43. g5 Ke7 44. Kg4 Rb4 45. Rc7+ Ke8 46. Ra7 Rxb3 47. Rxa5 Rb1 48. Ra8+ Ke7 49. Ra7+ 1/2-1/2

[Event "CZE-chT2C 1314"]
[Site "Czech Republic"]
[Date "2013.12.15"]
[Round "4.8"]
[White "Pospech, Radim"]
[Black "Korenek, Frantisek"]
[Result "1-0"]
[WhiteElo "2030"]
[BlackElo "2122"]
[PlyCount "107"]
[EventDate "2013.11.03"]
[EventType "team-tourn"]
[EventRounds "11"]
[EventCountry "CZE"]
[SourceTitle "EXT 2015"]
[Source "ChessBase"]
[SourceDate "2014.11.20"]
[SourceVersion "1"]
[SourceVersionDate "2014.11.20"]
[SourceQuality "1"]
[WhiteTeam "Praha Dukla"]
[BlackTeam "Lysa nad Labem III"]
[WhiteTeamCountry "CZE"]
[BlackTeamCountry "CZE"]

1. d4 Nf6 2. c4 e6 3. Nf3 b6 4. g3 Bb7 5. Bg2 Bb4+ 6. Bd2 Be7 7. Nc3 0-0 8. Qc2 d6 9. 0-0 Nbd7 10. e4 e5 11. h3 Ne8 12. Rad1 c6 13. Be3 Qc7 14. Qe2 g6 15. Bh6 Ng7 16. Ng5 Bf6 17. d5 c5 18. h4 Qd8 19. Bh3 Qe7 20. Kg2 Bc8 21. Rde1 Re8 22. f4 exf4 23. Rxf4 Nh5 24. Rf2 Ne5 25. Bxc8 Raxc8 26. g4 Bg7 27. Bxg7 Nxg7 28. Ref1 Rf8 29. Kh3 h5 30. gxh5 Nxh5 31. Kh2 Rc7 32. Nd1 Ng7 33. Ne3 Qd7 34. Rg2 Nh5 35. Ng4 Nxg4+ 36. Qxg4 Qxg4 37. Rxg4 Re7 38. Rg2 Rfe8 39. Rgf2 f6 40. Rxf6 Nxf6 41. Rxf6 Rxe4 42. Rxg6+ Kh8 43. Nxe4 Rxe4 44. Kg3 Rxc4 45. Rxd6 Rd4 46. Rd7 Kg8 47. h5 Rd1 48. Kf4 Rd2 49. Ke5 Rxb2 50. Rxa7 Rh2 51. d6 Rxh5+ 52. Ke6 Rh6+ 53. Kd5 Kf8 54. Ra8+ 1-0

[Event "CZE-chT2B 1011"]
[Site "Czech Republic"]
[Date "2010.12.05"]
[Round "4.7"]
[White "Pospech, Radim"]
[Black "Rubes, Jan"]
[Result "0-1"]
[WhiteElo "2045"]
[BlackElo "2043"]
[PlyCount "64"]
[EventDate "2010.10.17"]
[EventType "team-tourn"]
[EventRounds "11"]
[EventCountry "CZE"]
[SourceTitle "EXT 2012"]
[Source "ChessBase"]
[SourceDate "2011.11.24"]
[SourceVersion "1"]
[SourceVersionDate "2011.11.24"]
[SourceQuality "1"]
[WhiteTeam "Praha Dukla"]
[BlackTeam "Teplice"]
[WhiteTeamCountry "CZE"]
[BlackTeamCountry "CZE"]

1. d4 Nf6 2. c4 g6 3. Nc3 Bg7 4. e4 d6 5. f4 0-0 6. Nf3 c5 7. d5 b5 8. cxb5 a6 9. b6 Qxb6 10. Be2 e6 11. dxe6 Bxe6 12. Qc2 Nc6 13. Be3 Rfe8 14. h3 Rab8 15. Rd1 Nb4 16. Qd2 Nxa2 17. Nxa2 Nxe4 18. Qd3 Bxa2 19. 0-0 Ng3 20. Rf2 c4 21. Bxb6 cxd3 22. Bxd3 Rxb6 23. b3 Bxb3 24. Rb1 Reb8 25. Kh2 Nh5 26. Ng5 h6 27. Ne4 Nxf4 28. Rxf4 Be5 29. g3 Bxf4 30. gxf4 Kg7 31. f5 Bd5 32. f6+ Kf8 0-1

[Event "Nachod op"]
[Site "Nachod"]
[Date "2009.07.09"]
[Round "6"]
[White "Bartos, Jan"]
[Black "Pospech, Radim"]
[Result "1-0"]
[WhiteElo "2197"]
[BlackElo "2029"]
[PlyCount "93"]
[EventDate "2009.07.04"]
[EventType "swiss"]
[EventRounds "9"]
[EventCountry "CZE"]
[SourceTitle "CBM 131 Extra"]
[Source "ChessBase"]
[SourceDate "2009.09.03"]
[SourceVersion "2"]
[SourceVersionDate "2009.09.16"]
[SourceQuality "1"]

1. d4 Nf6 2. Nf3 g6 3. c4 Bg7 4. Nc3 0-0 5. e4 d6 6. Be2 Nbd7 7. 0-0 e5 8. Qc2 exd4 9. Nxd4 a5 10. Be3 Re8 11. f3 Nc5 12. Rad1 Bd7 13. Ndb5 b6 14. Rfe1 Qb8 15. Bf1 Qb7 16. Nd5 Nxd5 17. cxd5 f5 18. Bd4 Be5 19. b3 fxe4 20. fxe4 Re7 21. a3 Rae8 22. b4 axb4 23. axb4 Nxe4 24. Rxe4 Bf5 25. Bd3 Bxe4 26. Bxe4 Bxd4+ 27. Rxd4 Qc8 28. h3 Qd7 29. Nc3 Re5 30. Bf3 Re1+ 31. Kf2 Ra1 32. Re4 Rf8 33. Qe2 Qg7 34. Nb5 Qf6 35. Nxc7 Rb1 36. Kg3 Rb2 37. Qe3 Rc8 38. Ne8 Qc3 39. Qxc3 Rxc3 40. Nxd6 Rcb3 41. Re8+ Kg7 42. b5 Rd2 43. Kf4 Rb4+ 44. Ke5 h5 45. Re7+ Kh6 46. Rb7 Kg5 47. Ne4+ 1-0

[Event "Nachod op"]
[Site "Nachod"]
[Date "2009.07.05"]
[Round "2"]
[White "Horak, Jiri"]
[Black "Pospech, Radim"]
[Result "1/2-1/2"]
[WhiteElo "2247"]
[BlackElo "2029"]
[PlyCount "111"]
[EventDate "2009.07.04"]
[EventType "swiss"]
[EventRounds "9"]
[EventCountry "CZE"]
[SourceTitle "CBM 131 Extra"]
[Source "ChessBase"]
[SourceDate "2009.09.03"]
[SourceVersion "2"]
[SourceVersionDate "2009.09.16"]
[SourceQuality "1"]

1. e4 c5 2. Nf3 d6 3. d4 cxd4 4. Nxd4 Nf6 5. Nc3 g6 6. Bb5+ Bd7 7. Bxd7+ Nbxd7 8. 0-0 Bg7 9. Be3 0-0 10. f4 a6 11. a4 Rc8 12. Qf3 Rc4 13. Rfd1 Qc7 14. Ra3 Nc5 15. a5 e5 16. fxe5 dxe5 17. Nde2 Ncxe4 18. Rb3 Nc5 19. Rb6 e4 20. Qg3 Qxg3 21. hxg3 Ng4 22. Bxc5 Rxc5 23. Rxb7 Rxa5 24. Nxe4 f5 25. Nf2 Ne5 26. Nf4 Rc8 27. c3 Rb5 28. Rxb5 axb5 29. N4d3 Nc4 30. Re1 Kf7 31. g4 Re8 32. Rxe8 Kxe8 33. gxf5 gxf5 34. Nh3 b4 35. cxb4 Nxb2 36. Nxb2 Bxb2 37. Kf2 Ke7 38. Ke3 Kf6 39. Nf4 Kg5 40. Nd3 Bc3 41. b5 Kg4 42. b6 Ba5 43. b7 Bc7 44. Kf2 h5 45. Nb4 h4 46. Nd5 Bg3+ 47. Ke3 Be5 48. Kf2 Bg3+ 49. Kg1 Be5 50. Ne3+ Kf4 51. Nc4 Bb8 52. Kf2 Kg4 53. Kg1 h3 54. Ne3+ Kf4 55. Nd5+ Kg3 56. gxh3 1/2-1/2

[Event "CZE-chT2J 0203"]
[Site "Czech Republic"]
[Date "2002.??.??"]
[Round "8"]
[White "Pospech, Radim"]
[Black "Radlinger, Stefan"]
[Result "0-1"]
[WhiteElo "1966"]
[BlackElo "1000"]
[PlyCount "108"]
[EventDate "2002.10.??"]
[EventType "team"]
[EventRounds "11"]
[EventCountry "CZE"]
[SourceTitle "EXT 2007"]
[Source "ChessBase"]
[SourceDate "2006.11.23"]
[SourceVersion "1"]
[SourceVersionDate "2006.11.23"]
[SourceQuality "1"]

1. d4 d6 2. c4 g6 3. Nc3 Bg7 4. e4 Nd7 5. Be3 e5 6. d5 Ne7 7. f3 0-0 8. Qd2 a6 9. 0-0-0 f5 10. Kb1 b6 11. Nge2 f4 12. Bf2 Nf6 13. Nc1 Rf7 14. Be2 Qf8 15. Nd3 g5 16. b4 Ng6 17. c5 b5 18. Rc1 g4 19. Rc2 gxf3 20. gxf3 Bh3 21. Nc1 Qe8 22. Nb3 Qd7 23. Rg1 Ne8 24. Na5 Bf8 25. Nc6 Kh8 26. a4 bxa4 27. Ra2 Ne7 28. Na5 Rg7 29. c6 Rxg1+ 30. Bxg1 Qc8 31. Bd3 Ng6 32. Qe1 Qd8 33. Nc4 Nh4 34. Qd1 Bg2 35. Be2 Qg5 36. Bf2 Qh5 37. Nd2 Ng6 38. Qg1 Qh3 39. Rxa4 Be7 40. b5 a5 41. b6 cxb6 42. Bxb6 Nh4 43. Qd1 Rb8 44. Nc4 Bd8 45. Qb3 Bxf3 46. Qb2 Bxe2 47. Nxe2 Qd3+ 48. Ka2 Qxe4 49. Nc3 Qd3 50. Bxd8 Rxb2+ 51. Kxb2 Nf5 52. c7 Nxc7 53. Bxc7 Nd4 54. Ra3 f3 0-1